[Event "Borsod-chT2 1415"]
[Site "Hungary"]
[Date "2014.11.09"]
[Round "3.1"]
[White "Bujdoso, Barnabas"]
[Black "Dobai, Szabolcs"]
[Result "1/2-1/2"]
[WhiteElo "1962"]
[BlackElo "2199"]
[PlyCount "119"]
[EventDate "2014.09.28"]
[EventType "team-tourn"]
[EventRounds "7"]
[EventCountry "HUN"]
[SourceTitle "EXT 2016"]
[Source "ChessBase"]
[SourceDate "2015.10.08"]
[SourceVersion "1"]
[SourceVersionDate "2015.10.08"]
[SourceQuality "1"]
[WhiteTeam "Szendro"]
[BlackTeam "DVTK EMSE II"]
[WhiteTeamCountry "HUN"]
[BlackTeamCountry "HUN"]

1. d4 Nf6 2. c4 e6 3. Nc3 c5 4. e3 cxd4 5. exd4 d5 6. Bf4 Be7 7. Nf3 0-0 8. Be2 dxc4 9. Bxc4 a6 10. 0-0 b5 11. Bd3 Bb7 12. Re1 Nbd7 13. Qe2 Nb6 14. Rad1 b4 15. Ne4 Nxe4 16. Bxe4 Bxe4 17. Qxe4 Qd5 18. Qxd5 Nxd5 19. Bd2 Bf6 20. Ne5 Ra7 21. Rc1 a5 22. g4 a4 23. g5 Be7 24. Nc6 Rb7 25. Nxe7+ Nxe7 26. Rc4 Nd5 27. Rec1 f6 28. Rc6 fxg5 29. Rxe6 h6 30. h4 gxh4 31. Re4 h3 32. Be3 a3 33. bxa3 bxa3 34. Rc5 h2+ 35. Kxh2 Nxe3 36. fxe3 Rf2+ 37. Kg3 Rxa2 38. Re8+ Kh7 39. Ra8 Rb3 40. Kf3 Ra1 41. Rc2 Rh1 42. Re2 Rh3+ 43. Kf4 g5+ 44. Kg4 Rhxe3 45. Ra7+ Kg8 46. Rc2 Rbc3 47. Rf2 Rg3+ 48. Kh5 Rh3+ 49. Kg6 Rc6+ 50. Kf5 Re3 51. d5 Rd6 52. Kg4 Rb3 53. Rc2 Rf6 54. Rcc7 Rb4+ 55. Kg3 Rd4 56. Rg7+ Kh8 57. Rh7+ Kg8 58. Rhg7+ Kf8 59. Rh7 Kg8 60. Rhg7+ 1/2-1/2